000 00418nam a22001217a 4500
040 _cHS
082 _a346
100 _aនុត ចន្ថា
245 _aកំរងលិខិតបទដ្ឋានស្តីពីបមាណី និងការគ្រប់គ្រងសម្ភារៈកសិកម្ម
260 _aCambodia
_bនុត ចន្ថា
_cNA
300 _a18p;
942 _cKB
999 _c10235
_d10235